• 首页
  • 本馆介绍
  • 公告通知
  • 最新文献
  • 馆藏检索
  • 电子资源
  • 读者导购
  • 参考咨询
  • 我的图书馆
  • 登录
  • 详细信息显示
  • 放入我的书架
  • 预约/预借图书
  • 作者相关作品
  • 分类相关作品
  • 丛书相关作品
  • 出版社相关作品

书目信息

  • 表格格式
  • 工作单格式
  • 卡片格式
题名:
中国传统节日趣谈
    
 
作者: 马光复 , 刘德谦 编
分册:  
出版信息: 石家庄   河北人民出版社  1983
页数: 177页
开本: 19cm
丛书名:
单 册:
中图分类: K892.1
科图分类:
主题词: 风俗习惯
电子资源:
ISBN:
000 00698nam0 2200241 45
001 0183011721
005 20060522151536.07
010    @dCNY0.50
091    @aR10086.647
100    @a19950612d1983 em y0chiy0121 ea
101 0  @achi
102    @aCN@b130000
105    @af z 000yy
200 10 @a中国传统节日趣谈@Azhong guo chuan tong jie ri qu tan@f刘德谦,马光复编@Fliu de qian,ma guang fu bian
210    @a石家庄@c河北人民出版社@d1983
215    @a177页@c图@d19cm
606 0  @a风俗习惯
690    @aK892.1
701  0 @a马光复@Ama guang fu@4编
701  0 @a刘德谦@Aliu de qian@4编
801  0 @aCN@b上海图书馆@c20060522
801  2 @aCN@bNLC@c20051227
905    @f3@b174881-883@dK892.1@e19
    
    中国传统节日趣谈/刘德谦,马光复编.-石家庄:河北人民出版社,1983
    177页:图;19cm
    
    
    ISBN :CNY0.50
    
●
相关链接 在E读中查询图书 在五车中查询图书 在当当中查询图书 在豆瓣中查询图书


正题名:中国传统节日趣谈     索取号:K892.1/19         预约/预借

序号 登录号 条形码 馆藏地/架位号 状态 备注
1 0174880   202183243   密集书库/ [索取号:K892.1/19] 在馆    
2 0174881   001549952   密集书库/ [索取号:K892.1/19] 在馆    
3 0174882   001549961   第二样本阅览室/ [索取号:K892.1/19] 在馆    
4 0174883   001549970   密集书库/ [索取号:K892.1/19] 在馆    
5 0174884   202367349   密集书库/ [索取号:K892.1/19] 在馆    
唐山师范学院图书馆 欢迎您!
大连网信软件有限公司© 版权所有